000 00261nam a22001217a 4500
008 170614b xxu||||| |||| 00| 0 eng d
041 _aeng
080 _a94
100 _a19
101 _aSHH
245 _aTHE REPUBLIC ROOSEVELT
_cBLUM.J.M
942 _2udc
_cBK
999 _c17422
_d17422